000 00527nam a2200217 454500
001 030887
003 BD-ChCU
008 Eng
020 _a007032302x
040 _aDLC
_cDLC
_dBD-ChCU
082 0 0 _a658.403/J44s
100 1 _aJedamus, Paul
_b-
245 1 0 _aStatistical analysis of business decisions
_b-
250 _a-
260 _aNew York, London
_bMcGraw-Hill
_c1976
300 _aix,622
504 _aIncludes
650 0 _aStatistical decision
_bStatistical decision
700 1 _a-
942 _2ddc
_cBK
999 _c30887
_d30887